Owyhee County, Idaho Former/Current Municipalities, U.S. (Map) (2023) - Statistics

General Stats
  • This quiz has been taken 5 times
    3 since last reset
  • The average score is 11 of 56
Answers on the Map
Answers color-coded by a green-red scale on the quiz's map according to % correct below.
 
Answer Stats
Municipality % Correct
Dickshooter
100%
Riddle
100%
Silver CIty
100%
Silver City
100%
Triangle
100%
Bruneau
50%
Collier Place
50%
Dewey
50%
Dry Forty
50%
Four Corners
50%
Grand View
50%
Homedale
50%
Hot Springs
50%
Marsing
50%
Oreana
50%
Wickahoney
50%
Bengoechea Place
0%
Buncel Place
0%
China Hat
0%
Claytonia
0%
Comical Turn
0%
Crill Place
0%
Dan Place
0%
De Lamar
0%
Democrat
0%
Dew Drop Place
0%
Dickens Place
0%
Doyle Place
0%
Fairview
0%
Fariylawn
0%
Flint
0%
Frost Place
0%
Givens Hot Springs
0%
Grasmere
0%
Guffey
0%
Harvey Place
0%
James Place
0%
Little Sugar Loaf
0%
Miller Creek Settlement
0%
Murphy
0%
Murphy Hot Springs
0%
Petersons Crossing
0%
Pleasant Valley Place
0%
Reynolds
0%
Rickard Crossing
0%
Rockville
0%
Ruby City
0%
Slacks Corner
0%
South Mountain
0%
South Mountain City
0%
Spiry Place
0%
Telegraph Hill
0%
Three Creek
0%
Wagontown
0%
Walters Ferry
0%
Wilson
0%
No matching quizzes found
Score Distribution
Percent of People with Each Score
Percentile by Number Answered
Your Score History
You have not taken this quiz since the last reset